LEADER 00811nam a2200241 i 4500 001 000000219695 003 CaOOAMICUS 005 20200109125247.0 008 130404s1999 it u000 u ita u 013 $a198592 020 $a88-304-1832-3 040 $aSeMil$bita 245 12$aL'inferno. 300 $a[80] c. di tav. :$briccamente ill. ;$c31 cm. 500 $aFondo card. C. M. Martini. 773 0 $aBandirali, Antonio$tDal verso all'immagine.$dVarese : Lativa, 1999.$g1$w()28343 850 $aSeMil 852 $aSeMil$W1$xVenegono$y1$m1A VI 1$j170056$B170056$CSeMilBibl$Z2$F187504 $81 941 1 $a4 961 $aLascito: Martini Card. Carlo Maria 996 $6020$a88-304-1832-3$9(OLS)http://semarc/number/217901 996 $6245$aL'inferno$9(OLS)http://semarc/title/62331 LEADER 01374nam a2200301 i 4500 001 000000205892 003 CaOOAMICUS 005 20110907000000.0 008 110907s2002 it u000 u ita u 013 $a184638 020 $a88-315-2177-2 040 $aSeMil$bita 100 1 $aGonzález, Luis Jorge .$0(OLS)http://semarc/name/74089 240 10$aPsicología de Teresa de Lisieux : Desarrollo humano de una Doctora de la Iglesia.$0(OLS)http://semarc/title/297937 245 10$aTeresa Di Lisieux :$bi limiti umani di una grande santa /$cLuis Jorge González. 250 $a2. ed. 260 $aMilano :$bPaoline,$c2002 (copyr. 2001) 300 $a122 p. ;$c20 cm. 490 0 $aSpiritualità senza frontiere ;$v57 500 $aContiene : Bibliografia. 650 4$aTeresa : del Bambino Gesù - Spiritualità.$0(OLS)http://semarc/subject/6123 830 0$aSpiritualità senza frontiere ;$v57.$0(OLS)http://semarc/title/10627 850 $aSeMil 852 $aSeMil$W1$xVenegono$y1$m3H I 497$j156383$B156383$CSeMilBibl$Z2$F167753 $81 961 $aRecupero: Seminario di Seveso 996 $6020$a88-315-2177-2$9(OLS)http://semarc/number/199689 996 $6245$aTeresa Di Lisieux :$bi limiti umani di una grande santa$9(OLS)http://semarc/title/297936 996 $6260$aMilano :$bPaoline$9(OLS)http://semarc/publisher/29684